Texte und Dokumente zur französischen Sprachgeschichte. 17. Jahrhundert
Salvato in:
| Natura: | Libro |
|---|---|
| Lingua: | Undetermined |
| Pubblicazione: |
Tübingen, Alemania
Max Niemeyer
1972
|
| Soggetti: | |
| Tags: |
Aggiungi Tag
Nessun Tag, puoi essere il primo ad aggiungerne!!
|
MARC
| LEADER | 00000nam a2200000Ia 4500 | ||
|---|---|---|---|
| 008 | 170316s9999 xx 000 0 und d | ||
| 040 | |a cru BVZT | ||
| 090 | |a 830 T-2t | ||
| 245 | |a Texte und Dokumente zur französischen Sprachgeschichte. 17. Jahrhundert | ||
| 260 | |a Tübingen, Alemania |b Max Niemeyer |c 1972 | ||
| 300 | |a 98 páginas | ||
| 650 | |a LITERATURA ALEMANA | ||
| 650 | |a ANTOLOGÍA | ||
| 999 | |c 7440 |d 7440 | ||
| 942 | |c 15 D |h 830 T-2t |2 z | ||
